Statistics for Through which Countries are these Rivers Flowing?

Click here to take the quiz!

General Stats

  • This quiz has been taken 72 times
  • The average score is 31 of 36

Answer Stats

River Country % Correct
NigerNiger
100%
RhineGermany
98%
NigerNigeria
98%
Rio GrandeUnited States
95%
Rio GrandeMexico
95%
BrahmaputraIndia
95%
MekongChina
95%
BrahmaputraBangladesh
95%
ParanĂ¡Brazil
94%
RhineSwitzerland
94%
ParanĂ¡Argentina
92%
MekongLaos
92%
ZambeziZambia
90%
ParanĂ¡Paraguay
90%
RhineFrance
90%
RhineAustria
90%
MekongVietnam
89%
NigerMali
89%
MekongThailand
89%
MekongCambodia
89%
MekongMyanmar
86%
ZambeziZimbabwe
86%
RhineNetherlands
83%
ZambeziBotswana
79%
RhineLiechtenstein
78%
ZambeziMozambique
78%
ZambeziNamibia
78%
TiszaHungary
76%
ZambeziAngola
75%
NigerBenin
71%
TiszaRomania
71%
TiszaSlovakia
70%
TiszaSerbia
62%
TiszaUkraine
57%
NigerGuinea
48%

Score Distribution

Percentile by Number Answered

Percent of People with Each Score

Your Score History

You have not taken this quiz